000 00398 a2200145 4500
999 _c1691
_d1691
020 _a8125909397
050 _aHE561 KAP 2002
100 _aKapoor, D.C.
_eauthor
245 _aExport Management
_cD. C. Kapoor
264 _aNew Delhi
_bVikas Publishing House
_c2002
300 _a528p. :
_bill.
500 _aIncludes index
650 _aExport marketing.
_xManagement.
942 _2lcc
_cBK
_h561
_iKAP
_kHE